Cliquez sur la forme du département - N°2 - Statistiques

Statistiques générales
  • Ce quiz a été pris 79 fois
  • Le résultat moyen est 14 sur 16
Statistiques - réponses
Hint Réponse % Correct
Manche
93%
Charente-Maritime
92%
Bas-Rhin
92%
Hauts-de-Seine
92%
Bouches-du-Rhône
90%
Oise
90%
Isère
88%
Mayotte
86%
Cantal
86%
Sarthe
85%
Morbihan
85%
Aude
83%
Pyrénées-Atlantiques
81%
Indre-et-Loire
73%
Marne
68%
Saône-et-Loire
68%
Aucun quiz correspondant
Distribution des résultats
% des personnes avec chaque résultat
Percentile par nombre de réponses
Votre historique - résultats
Vous n’avez pas pris ce quiz